F12_小学校2年生で学習する漢字 - Statistics

General Stats
  • This quiz has been taken 14 times
  • The average score is 94 of 160
Answer Stats
画数 漢字 % Correct
10
92%
4
83%
4
83%
4
83%
5
83%
5
83%
6 西
83%
7
83%
8
83%
8
83%
9
83%
11
83%
12
83%
12
83%
13
83%
14
83%
14
83%
3
75%
4
75%
4
75%
6
75%
7
75%
7
75%
7
75%
8
75%
8
75%
8
75%
8
75%
8
75%
9
75%
9
75%
9
75%
10
75%
10
75%
10
75%
11
75%
11
75%
11
75%
13
75%
13
75%
13
75%
14
75%
5
67%
5
67%
5
67%
6
67%
6
67%
6
67%
7
67%
7
67%
7
67%
7
67%
7
67%
9
67%
9
67%
9
67%
11
67%
11
67%
11
67%
12
67%
13
67%
13
67%
14
67%
16
67%
18
67%
3
58%
3
58%
4
58%
4
58%
4
58%
4
58%
4
58%
5
58%
5
58%
5
58%
6
58%
6
58%
6
58%
7
58%
7
58%
8
58%
8
58%
8
58%
8
58%
8
58%
9
58%
9
58%
9
58%
9
58%
9
58%
9
58%
10
58%
10
58%
10
58%
10
58%
10
58%
10
58%
10
58%
12
58%
13
58%
15
58%
16
58%
3
50%
4
50%
4
50%
4
50%
4
50%
5
50%
5
50%
6
50%
6
50%
6
50%
6
50%
6
50%
6
50%
7
50%
7
50%
7
50%
8
50%
8
50%
9
50%
9
50%
10
50%
11
50%
12
50%
12
50%
14
50%
14
50%
18
50%
2
42%
4
42%
6
42%
6
42%
6
42%
6
42%
7
42%
9
42%
11
42%
12
42%
3
33%
4
33%
4
33%
5
33%
5
33%
6
33%
7
33%
8
33%
11
33%
11
33%
11
33%
12
33%
4
25%
7
25%
7
25%
9
25%
11
25%
12
25%
12
25%
6
17%
9
17%
No matching quizzes found
Score Distribution
Percent of People with Each Score
Percentile by Number Answered
Your Score History
You have not taken this quiz